000 00545nam a22001937a 4500
003 OSt
005 20160229134809.0
008 160229b xxu||||| |||| 00| 0 eng d
020 _a9187748541
040 _c040a
082 _a345.077
_bCHI 2004
100 _aSendabo, Teferi
_96866
245 _aChild Soldiers :
_brehabilation and social reintegration in Liberia /
_cTeferi Sendabo
260 _aUppsala
_bTierps Tryckeri AB
_c2004
300 _a140p;
_c8 cm
504 _aincludes index
650 _aChild soldiers
_96867
942 _2ddc
_cSLOAN
999 _c3098
_d3098